[Event "European Youth Chess Championship B14"]
[Site "Prague, Top Hotel Prague"]
[Date "2012.08.21"]
[Round "5.1"]
[White "Vavulin, Maksim"]
[Black "Duda, Jan-Krzysztof"]
[Result "0-1"]
[WhiteElo "2292"]
[BlackElo "2411"]
[PlyCount "0"]
[EventDate "2012.08.17"]

1. e4 {[%clk 1:30:59]} c5 {[%clk 1:30:51]} 2. Nf3 {[%clk 1:31:25]} d6
{[%clk 1:31:16]} 3. d4 {[%clk 1:31:50]} cxd4 {[%clk 1:31:40]} 4. Nxd4
{[%clk 1:32:16]} Nf6 {[%clk 1:32:03]} 5. Nc3 {[%clk 1:32:41]} a6 {[%clk 1:32:26]}
6. Be3 {[%clk 1:33:04]} e5 {[%clk 1:30:55]} 7. Nb3 {[%clk 1:33:29]} Be6
{[%clk 1:30:35]} 8. f4 {[%clk 1:33:51]} exf4 {[%clk 1:28:37]} 9. Bxf4
{[%clk 1:34:17]} Nc6 {[%clk 1:25:09]} 10. Qe2 {[%clk 1:34:37]} Be7
{[%clk 1:24:34]} 11. h3 {[%clk 1:34:56]} Nd7 {[%clk 1:23:31]} 12. O-O-O
{[%clk 1:34:54]} Nde5 {[%clk 1:22:50]} 13. Nd5 {[%clk 1:31:03]} Ng6
{[%clk 1:13:04]} 14. Be3 {[%clk 1:24:44]} O-O {[%clk 1:06:19]} 15. Qd2
{[%clk 1:20:13]} Re8 {[%clk 1:02:24]} 16. Kb1 {[%clk 1:19:25]} Bxd5
{[%clk 0:56:22]} 17. exd5 {[%clk 1:19:27]} Nce5 {[%clk 0:56:17]} 18. Nd4
{[%clk 1:12:30]} Qd7 {[%clk 0:53:45]} 19. g4 {[%clk 1:04:15]} Nh4
{[%clk 0:49:15]} 20. g5 {[%clk 0:57:25]} Qd8 {[%clk 0:43:35]} 21. Be2
{[%clk 0:56:03]} Ng2 {[%clk 0:39:08]} 22. h4 {[%clk 0:55:47]} Nxe3
{[%clk 0:35:58]} 23. Qxe3 {[%clk 0:56:16]} Rc8 {[%clk 0:35:26]} 24. Rhg1
{[%clk 0:44:28]} Bf8 {[%clk 0:33:06]} 25. Qb3 {[%clk 0:36:56]} Rc7
{[%clk 0:30:34]} 26. h5 {[%clk 0:34:06]} g6 {[%clk 0:28:02]} 27. hxg6
{[%clk 0:20:15]} hxg6 {[%clk 0:27:02]} 28. Qh3 {[%clk 0:20:00]} Bg7
{[%clk 0:27:03]} 29. Qh4 {[%clk 0:19:49]} Nd7 {[%clk 0:22:51]} 30. Bd3
{[%clk 0:15:35]} Nf8 {[%clk 0:19:12]} 31. Nf3 {[%clk 0:06:34]} Re3
{[%clk 0:18:10]} 32. Rdf1 {[%clk 0:04:54]} Rc5 {[%clk 0:15:34]} 33. Qb4
{[%clk 0:04:24]} Rxd3 {[%clk 0:11:10]} 34. cxd3 {[%clk 0:04:48]} Rb5
{[%clk 0:11:32]} 35. Qd2 {[%clk 0:03:05]} Rxb2+ {[%clk 0:10:30]} 36. Qxb2 Bxb2
{[%clk 0:10:50]} 37. Kxb2 {[%clk 0:03:58]} Qa5 {[%clk 0:08:47]} 38. Rg4
{[%clk 0:03:04]} Qb5+ {[%clk 0:08:23]} 39. Kc3 {[%clk 0:02:20]} Qxd5
{[%clk 0:08:44]} 40. a4 {[%clk 0:32:32]} Ne6 {[%clk 0:38:08]} 41. Rc4
{[%clk 0:28:23]} Nxg5 {[%clk 0:32:32]} 42. Nxg5 {[%clk 0:26:37]} Qxg5
{[%clk 0:32:33]} 43. Rb1 {[%clk 0:26:36]} Qa5+ {[%clk 0:31:45]} 44. Kc2
{[%clk 0:26:32]} Qd5 {[%clk 0:31:16]} 45. Rcb4 {[%clk 0:24:58]} Kg7
{[%clk 0:30:11]} 46. R1b3 {[%clk 0:24:36]} g5 {[%clk 0:28:40]} 47. Kb2
{[%clk 0:24:18]} Qe5+ {[%clk 0:27:11]} 48. Ka2 {[%clk 0:24:22]} Qa5
{[%clk 0:26:50]} 49. Kb2 {[%clk 0:24:28]} Kg6 {[%clk 0:25:25]} 50. Rc4
{[%clk 0:22:20]} f5 {[%clk 0:23:41]} 51. Kc2 {[%clk 0:22:27]} Qd5
{[%clk 0:22:59]} 52. Kd2 {[%clk 0:20:49]} g4 {[%clk 0:23:04]} 0-1

[Event "European Youth Chess Championship B14"]
[Site "Prague, Top Hotel Prague"]
[Date "2012.08.21"]
[Round "5.3"]
[White "Artemiev, Vladislav"]
[Black "Miknevicius, Laurynas"]
[Result "1-0"]
[WhiteElo "2476"]
[BlackElo "1830"]
[PlyCount "0"]
[EventDate "2012.08.17"]

1. e4 {[%clk 1:30:58]} c5 {[%clk 1:30:56]} 2. Nf3 {[%clk 1:31:23]} g6
{[%clk 1:31:10]} 3. c4 {[%clk 1:30:47]} Bg7 {[%clk 1:29:35]} 4. d4
{[%clk 1:31:05]} cxd4 {[%clk 1:29:59]} 5. Nxd4 {[%clk 1:31:31]} Nc6
{[%clk 1:30:25]} 6. Be3 {[%clk 1:31:36]} Nf6 {[%clk 1:30:30]} 7. Nc3
{[%clk 1:32:02]} O-O {[%clk 1:30:49]} 8. Be2 {[%clk 1:32:29]} d6 {[%clk 1:31:04]}
9. O-O {[%clk 1:32:55]} Bd7 {[%clk 1:31:26]} 10. Qd2 {[%clk 1:32:12]} Nxd4
{[%clk 1:31:01]} 11. Bxd4 {[%clk 1:32:36]} Bc6 {[%clk 1:31:08]} 12. f3
{[%clk 1:32:55]} a5 {[%clk 1:31:05]} 13. b3 {[%clk 1:32:32]} Nd7 {[%clk 1:31:06]}
14. Be3 {[%clk 1:32:53]} Nc5 {[%clk 1:31:15]} 15. Rab1 {[%clk 1:32:28]} Qb6
{[%clk 1:30:01]} 16. Rfc1 {[%clk 1:32:04]} Rfc8 {[%clk 1:30:21]} 17. Rc2
{[%clk 1:31:34]} Qd8 {[%clk 1:26:18]} 18. Bf1 {[%clk 1:30:55]} h5
{[%clk 1:17:43]} 19. a3 {[%clk 1:22:36]} Kh7 {[%clk 1:06:25]} 20. Nd5
{[%clk 1:13:55]} Bxd5 {[%clk 0:58:04]} 21. exd5 {[%clk 1:01:18]} Nd7
{[%clk 0:46:10]} 22. Kh1 {[%clk 0:51:38]} Rc7 {[%clk 0:40:05]} 23. f4
{[%clk 0:39:33]} Bh6 {[%clk 0:34:31]} 24. Bd3 {[%clk 0:35:50]} Qf8
{[%clk 0:25:28]} 25. Qe2 {[%clk 0:35:07]} Kg8 {[%clk 0:23:46]} 26. Rf1
{[%clk 0:34:58]} Qg7 {[%clk 0:21:45]} 27. Bd2 {[%clk 0:32:07]} Nf6
{[%clk 0:18:20]} 28. Bc3 {[%clk 0:30:31]} Qh7 {[%clk 0:14:55]} 29. Bd4
{[%clk 0:27:00]} Bf8 {[%clk 0:14:32]} 30. Qe1 {[%clk 0:25:41]} a4
{[%clk 0:13:09]} 31. b4 {[%clk 0:26:03]} Rcc8 {[%clk 0:11:13]} 32. Re2
{[%clk 0:25:35]} Qg7 {[%clk 0:08:44]} 33. h3 {[%clk 0:23:47]} Re8
{[%clk 0:08:56]} 34. g4 {[%clk 0:22:59]} 1-0

[Event "European Youth Chess Championship B14"]
[Site "Prague, Top Hotel Prague"]
[Date "2012.08.21"]
[Round "5.4"]
[White "Kudelya, Igor"]
[Black "Sanal, Vahap"]
[Result "0-1"]
[WhiteElo "2120"]
[BlackElo "2387"]
[PlyCount "0"]
[EventDate "2012.08.17"]

1. e4 {[%clk 1:30:59]} e6 {[%clk 1:30:16]} 2. d4 {[%clk 1:30:54]} d5
{[%clk 1:30:22]} 3. Nd2 {[%clk 1:31:18]} dxe4 {[%clk 1:30:08]} 4. Nxe4
{[%clk 1:31:45]} Nf6 {[%clk 1:30:05]} 5. Nxf6+ {[%clk 1:31:50]} gxf6
{[%clk 1:30:23]} 6. Nf3 {[%clk 1:31:46]} Nc6 {[%clk 1:30:37]} 7. Bf4
{[%clk 1:30:53]} Ne7 {[%clk 1:27:07]} 8. Qd2 {[%clk 1:21:56]} Nd5
{[%clk 1:20:07]} 9. Bh6 {[%clk 1:21:36]} Bxh6 {[%clk 1:13:18]} 10. Qxh6
{[%clk 1:22:01]} Qe7 {[%clk 1:01:51]} 11. a3 {[%clk 1:20:09]} Bd7
{[%clk 0:59:59]} 12. O-O-O {[%clk 1:20:06]} O-O-O {[%clk 0:57:39]} 13. Bd3
{[%clk 1:18:52]} Bc6 {[%clk 0:54:16]} 14. Rhe1 {[%clk 1:15:27]} Rhg8
{[%clk 0:47:06]} 15. Nh4 {[%clk 1:13:43]} Qf8 {[%clk 0:42:46]} 16. Qxf8
{[%clk 1:12:10]} Rgxf8 {[%clk 0:42:01]} 17. g3 {[%clk 1:11:48]} h6
{[%clk 0:42:00]} 18. Be4 {[%clk 1:07:56]} Rd6 {[%clk 0:38:40]} 19. f4
{[%clk 0:59:45]} f5 {[%clk 0:37:43]} 20. Bh1 {[%clk 0:58:05]} Rfd8
{[%clk 0:27:35]} 21. Nf3 {[%clk 0:51:18]} Nf6 {[%clk 0:23:22]} 22. Ne5
{[%clk 0:47:07]} Bxh1 {[%clk 0:23:35]} 23. Rxh1 {[%clk 0:47:29]} Rf8
{[%clk 0:23:40]} 24. Rhe1 {[%clk 0:45:43]} Ne4 {[%clk 0:23:42]} 25. Nc4
{[%clk 0:44:03]} Rd7 {[%clk 0:22:33]} 26. Ne5 {[%clk 0:43:47]} Rd5
{[%clk 0:21:14]} 27. Re2 {[%clk 0:41:29]} h5 {[%clk 0:21:00]} 28. c3
{[%clk 0:39:43]} c6 {[%clk 0:21:01]} 29. Kc2 {[%clk 0:39:49]} Kd8
{[%clk 0:20:36]} 30. Rg1 {[%clk 0:37:50]} Ke7 {[%clk 0:19:45]} 31. Nd3
{[%clk 0:36:05]} Rg8 {[%clk 0:18:30]} 32. Nf2 {[%clk 0:35:08]} Nf6
{[%clk 0:18:23]} 33. Nd1 {[%clk 0:34:40]} Rd7 {[%clk 0:17:00]} 34. Ne3
{[%clk 0:34:35]} Ne4 {[%clk 0:15:43]} 35. Rgg2 {[%clk 0:28:16]} Rdd8
{[%clk 0:15:38]} 36. Nc4 {[%clk 0:27:40]} Rg7 {[%clk 0:15:10]} 37. Nd2
{[%clk 0:27:17]} Nf6 {[%clk 0:15:16]} 38. Nf3 {[%clk 0:27:30]} Nd5
{[%clk 0:10:03]} 39. Rgf2 {[%clk 0:24:49]} Rdg8 {[%clk 0:09:40]} 40. Re1
{[%clk 0:53:55]} Rd8 {[%clk 0:38:34]} 41. Ree2 {[%clk 0:54:09]} Nf6
{[%clk 0:38:39]} 42. Rg2 {[%clk 0:51:13]} Nd7 {[%clk 0:37:19]} 43. Re1
{[%clk 0:49:00]} Nf8 {[%clk 0:36:27]} 44. Nh4 {[%clk 0:49:11]} Kf6
{[%clk 0:36:31]} 45. Rge2 {[%clk 0:36:52]} Ng6 {[%clk 0:35:09]} 46. Nf3
{[%clk 0:36:45]} h4 {[%clk 0:34:20]} 47. Ng5 {[%clk 0:36:47]} Ke7
{[%clk 0:34:07]} 48. Rf2 {[%clk 0:35:37]} Rgg8 {[%clk 0:32:47]} 49. Re3
{[%clk 0:33:34]} Rh8 {[%clk 0:32:29]} 50. g4 {[%clk 0:29:10]} Rd5
{[%clk 0:29:57]} 51. h3 {[%clk 0:27:02]} Rg8 {[%clk 0:27:12]} 52. gxf5
{[%clk 0:15:29]} Rxf5 {[%clk 0:27:05]} 53. Re4 {[%clk 0:15:45]} Ke8
{[%clk 0:19:25]} 54. Kd3 {[%clk 0:11:11]} Ne7 {[%clk 0:19:11]} 55. Ree2
{[%clk 0:08:15]} Nd5 {[%clk 0:18:25]} 56. Ke4 {[%clk 0:08:24]} Ke7
{[%clk 0:18:20]} 57. c4 {[%clk 0:07:58]} Nf6+ {[%clk 0:17:00]} 58. Ke3
{[%clk 0:08:23]} Nh5 {[%clk 0:17:10]} 59. Ne4 {[%clk 0:08:06]} Rg1
{[%clk 0:16:55]} 60. c5 {[%clk 0:07:22]} Rh1 {[%clk 0:16:28]} 61. Rh2
{[%clk 0:05:03]} Rf1 {[%clk 0:12:31]} 62. Ref2 {[%clk 0:02:06]} Re1+
{[%clk 0:09:01]} 63. Re2 {[%clk 0:02:29]} Rxe2+ {[%clk 0:08:36]} 64. Kxe2
{[%clk 0:02:47]} Nxf4+ {[%clk 0:08:35]} 65. Kd2 {[%clk 0:03:03]} Nd5
{[%clk 0:08:11]} 66. Nd6 {[%clk 0:03:12]} Rf3 {[%clk 0:08:27]} 67. Nxb7
{[%clk 0:03:24]} Rb3 {[%clk 0:08:45]} 0-1

[Event "European Youth Chess Championship B14"]
[Site "Prague, Top Hotel Prague"]
[Date "2012.08.21"]
[Round "5.5"]
[White "Minko, Vladimir"]
[Black "Petrosyan, Manuel"]
[Result "1/2-1/2"]
[WhiteElo "2257"]
[BlackElo "2286"]
[PlyCount "0"]
[EventDate "2012.08.17"]
1. c4 {[%clk 1:30:58]} e5 {[%clk 1:29:11]} 2. Nc3 {[%clk 1:30:36]} Nc6
{[%clk 1:29:03]} 3. g3 {[%clk 1:30:11]} g6 {[%clk 1:29:10]} 4. Bg2
{[%clk 1:30:23]} Bg7 {[%clk 1:29:34]} 5. d3 {[%clk 1:27:25]} Nge7
{[%clk 1:29:53]} 6. e4 {[%clk 1:25:19]} Nd4 {[%clk 1:21:41]} 7. Nge2
{[%clk 1:23:42]} c6 {[%clk 1:20:21]} 8. O-O {[%clk 1:13:43]} O-O {[%clk 1:18:31]}
9. f4 {[%clk 1:08:37]} d6 {[%clk 1:16:02]} 10. Be3 {[%clk 1:03:09]} Be6
{[%clk 1:10:21]} 11. fxe5 {[%clk 0:53:46]} dxe5 {[%clk 1:09:03]} 12. Qd2
{[%clk 0:52:58]} Qd6 {[%clk 0:45:39]} 13. Rad1 {[%clk 0:46:47]} Rad8
{[%clk 0:41:43]} 14. Nb1 {[%clk 0:42:05]} Bg4 {[%clk 0:38:23]} 15. Bxd4
{[%clk 0:41:12]} exd4 {[%clk 0:38:28]} 16. Bf3 {[%clk 0:32:30]} Bxf3
{[%clk 0:27:41]} 17. Rxf3 {[%clk 0:32:58]} f5 {[%clk 0:26:54]} 18. e5
{[%clk 0:26:27]} Bxe5 {[%clk 0:24:31]} 19. h4 {[%clk 0:21:35]} f4
{[%clk 0:21:52]} 20. gxf4 {[%clk 0:19:45]} Bg7 {[%clk 0:20:47]} 21. Qe1
{[%clk 0:15:15]} Nf5 {[%clk 0:19:51]} 22. Nd2 {[%clk 0:14:46]} Qf6
{[%clk 0:19:37]} 23. Ne4 {[%clk 0:10:09]} Qxh4 {[%clk 0:19:17]} 24. Qxh4
{[%clk 0:10:24]} Nxh4 {[%clk 0:19:46]} 25. Rh3 {[%clk 0:10:53]} Nf5
{[%clk 0:19:51]} 26. Kf2 {[%clk 0:09:28]} Ne3 {[%clk 0:15:04]} 27. Rg1
{[%clk 0:09:57]} Rd7 {[%clk 0:11:29]} 28. Ke1 {[%clk 0:06:06]} Re7
{[%clk 0:10:09]} 29. b3 {[%clk 0:06:10]} b6 {[%clk 0:09:32]} 30. Kd2
{[%clk 0:04:59]} Nf5 {[%clk 0:08:42]} 31. Rh2 {[%clk 0:03:52]} Rfe8
{[%clk 0:06:44]} 32. Rgh1 {[%clk 0:03:27]} Bh8 {[%clk 0:06:22]} 33. N2g3
{[%clk 0:02:53]} Nxg3 {[%clk 0:05:59]} 34. Nxg3 {[%clk 0:03:21]} Rf8
{[%clk 0:05:58]} 35. Ne2 {[%clk 0:01:23]} Rf5 {[%clk 0:06:04]} 36. Rf2
{[%clk 0:01:15]} Ref7 {[%clk 0:06:05]} 37. Rhf1 {[%clk 0:01:35]} Bg7
{[%clk 0:01:27]} 38. Ng3 {[%clk 0:01:01]} R5f6 {[%clk 0:01:33]} 39. Ke2
{[%clk 0:01:07]} Re6+ {[%clk 0:00:55]} 40. Ne4 {[%clk 0:30:55]} Rf5
{[%clk 0:30:45]} 41. Kd1 {[%clk 0:21:28]} c5 {[%clk 0:19:47]} 42. Ng3
{[%clk 0:19:06]} Rf8 {[%clk 0:19:25]} 43. Ne4 {[%clk 0:18:20]} Bh6
{[%clk 0:13:16]} 44. f5 {[%clk 0:17:25]} Rxf5 {[%clk 0:13:09]} 45. Rxf5 gxf5 46.
Rxf5 {[%clk 0:17:56]} Kg7 {[%clk 0:10:44]} 47. Rd5 {[%clk 0:17:18]} Kg6
{[%clk 0:08:19]} 48. Ke2 {[%clk 0:16:08]} Be3 {[%clk 0:08:14]} 49. Kf3
{[%clk 0:11:55]} Re7 {[%clk 0:07:34]} 50. Rd6+ {[%clk 0:10:37]} Kf5
{[%clk 0:06:21]} 51. Rd5+ {[%clk 0:10:48]} Ke6 {[%clk 0:05:41]} 52. Rd6+
{[%clk 0:11:09]} 1/2-1/2

[Event "European Youth Chess Championship B14"]
[Site "Prague, Top Hotel Prague"]
[Date "2012.08.21"]
[Round "5.6"]
[White "Bellahcene, Bilel"]
[Black "Plenca, Jadranko"]
[Result "1/2-1/2"]
[WhiteElo "2390"]
[BlackElo "2061"]
[PlyCount "0"]
[EventDate "2012.08.17"]

1. e4 {[%clk 1:30:57]} e5 {[%clk 1:30:51]} 2. Nf3 {[%clk 1:31:24]} Nc6
{[%clk 1:30:47]} 3. Bb5 {[%clk 1:31:50]} a6 {[%clk 1:30:46]} 4. Ba4
{[%clk 1:32:17]} Nge7 {[%clk 1:30:33]} 5. c3 {[%clk 1:32:28]} g6 {[%clk 1:30:06]}
6. d4 {[%clk 1:32:20]} exd4 {[%clk 1:29:37]} 7. cxd4 {[%clk 1:32:48]} b5
{[%clk 1:29:14]} 8. Bc2 {[%clk 1:30:52]} Bg7 {[%clk 1:28:45]} 9. d5
{[%clk 1:30:59]} Na5 {[%clk 1:27:55]} 10. Bd2 {[%clk 1:27:39]} Nc4
{[%clk 1:25:55]} 11. Bc3 {[%clk 1:27:03]} O-O {[%clk 1:22:31]} 12. b3
{[%clk 1:20:34]} Nb6 {[%clk 1:21:34]} 13. Bxg7 {[%clk 1:19:40]} Kxg7
{[%clk 1:20:41]} 14. Nc3 {[%clk 1:19:47]} d6 {[%clk 1:19:42]} 15. Qd4+
{[%clk 1:14:51]} Kg8 {[%clk 1:19:28]} 16. Rd1 {[%clk 1:15:07]} Bg4
{[%clk 1:17:31]} 17. Rd3 {[%clk 1:11:47]} f5 {[%clk 1:08:23]} 18. Nd2
{[%clk 0:42:07]} f4 {[%clk 1:03:57]} 19. h3 {[%clk 0:39:50]} Bh5 {[%clk 1:01:52]}
20. O-O {[%clk 0:36:51]} Nd7 {[%clk 1:00:55]} 21. g4 {[%clk 0:36:58]} fxg3
{[%clk 0:55:57]} 22. Rxg3 {[%clk 0:36:56]} Rf4 {[%clk 0:53:47]} 23. Qe3
{[%clk 0:36:02]} Qf8 {[%clk 0:47:46]} 24. Bd1 {[%clk 0:36:21]} Bxd1
{[%clk 0:47:02]} 25. Rxd1 {[%clk 0:36:21]} Re8 {[%clk 0:45:16]} 26. Qa7
{[%clk 0:33:43]} b4 {[%clk 0:36:27]} 27. Ne2 {[%clk 0:31:28]} Rf7
{[%clk 0:36:09]} 28. Nd4 {[%clk 0:29:19]} Nc5 {[%clk 0:35:18]} 29. Ne6
{[%clk 0:28:43]} Nxe6 {[%clk 0:35:02]} 30. dxe6 {[%clk 0:29:11]} Rf6
{[%clk 0:34:23]} 31. Qxc7 {[%clk 0:28:02]} Rxf2 {[%clk 0:33:24]} 32. Qd7
{[%clk 0:10:55]} Rd8 {[%clk 0:25:57]} 33. Qa7 {[%clk 0:11:21]} Rf6
{[%clk 0:25:19]} 34. Qxa6 {[%clk 0:11:12]} Rxe6 {[%clk 0:23:35]} 35. Rf1
{[%clk 0:10:59]} Rf6 {[%clk 0:20:59]} 36. Rgf3 {[%clk 0:11:05]} Rxf3 37. Rxf3 Qg7
{[%clk 0:20:05]} 38. Qc4+ {[%clk 0:10:04]} d5 {[%clk 0:19:55]} 39. exd5
{[%clk 0:08:20]} Rxd5 {[%clk 0:20:02]} 40. Qxb4 {[%clk 0:35:45]} Qa1+
{[%clk 0:47:49]} 41. Nf1 {[%clk 0:19:02]} Rg5+ {[%clk 0:46:44]} 42. Kf2
{[%clk 0:18:36]} 1/2-1/2

[Event "European Youth Chess Championship B14"]
[Site "Prague, Top Hotel Prague"]
[Date "2012.08.21"]
[Round "5.7"]
[White "Ali Marandi, Cemil Can"]
[Black "Vetrov, Gleb"]
[Result "1-0"]
[WhiteElo "2362"]
[BlackElo "2043"]
[PlyCount "0"]
[EventDate "2012.08.17"]

1. e4 {[%clk 1:30:49]} c6 {[%clk 1:30:56]} 2. d4 {[%clk 1:31:12]} d5
{[%clk 1:31:24]} 3. Nc3 {[%clk 1:31:36]} dxe4 {[%clk 1:31:50]} 4. Nxe4
{[%clk 1:32:00]} Bf5 {[%clk 1:32:16]} 5. Ng3 {[%clk 1:32:20]} Bg6
{[%clk 1:32:42]} 6. N1e2 {[%clk 1:32:29]} Nf6 {[%clk 1:31:22]} 7. h4
{[%clk 1:28:58]} h6 {[%clk 1:31:37]} 8. Nf4 {[%clk 1:29:22]} Bh7 {[%clk 1:32:04]}
9. Bc4 {[%clk 1:29:45]} e6 {[%clk 1:30:15]} 10. c3 {[%clk 1:29:59]} Bd6
{[%clk 1:28:44]} 11. Nfh5 {[%clk 1:29:39]} O-O {[%clk 1:24:50]} 12. Bg5
{[%clk 1:27:01]} Nbd7 {[%clk 1:23:55]} 13. Nxf6+ {[%clk 1:25:25]} Nxf6
{[%clk 1:24:11]} 14. Qf3 {[%clk 1:23:07]} Bxg3 {[%clk 1:17:23]} 15. Qxg3
{[%clk 1:21:23]} Ne4 {[%clk 1:17:24]} 16. Bxd8 {[%clk 1:21:31]} Nxg3
{[%clk 1:17:50]} 17. Rh3 {[%clk 1:21:55]} Rfxd8 {[%clk 1:12:11]} 18. Rxg3
{[%clk 1:22:15]} Kf8 {[%clk 1:11:08]} 19. O-O-O {[%clk 1:21:52]} Rd7
{[%clk 1:02:09]} 20. h5 {[%clk 1:06:03]} Rc7 {[%clk 0:54:50]} 21. Re3
{[%clk 1:00:41]} c5 {[%clk 0:54:34]} 22. dxc5 {[%clk 0:43:34]} Rxc5
{[%clk 0:54:54]} 23. Be2 {[%clk 0:44:01]} Ke7 {[%clk 0:53:10]} 24. Rg3
{[%clk 0:43:30]} Rg5 {[%clk 0:52:48]} 25. Rxg5 {[%clk 0:43:17]} hxg5
{[%clk 0:53:13]} 26. Bf3 {[%clk 0:40:59]} Rb8 {[%clk 0:52:23]} 27. Rd4
{[%clk 0:40:15]} e5 {[%clk 0:32:19]} 28. Ra4 {[%clk 0:34:52]} a6 {[%clk 0:32:42]}
29. Rb4 {[%clk 0:34:57]} b5 {[%clk 0:29:29]} 30. Be2 {[%clk 0:30:39]} Kd6
{[%clk 0:28:41]} 31. c4 {[%clk 0:20:37]} Kc5 {[%clk 0:29:00]} 32. a3
{[%clk 0:20:53]} Rb6 {[%clk 0:22:20]} 33. cxb5 {[%clk 0:20:49]} axb5
{[%clk 0:22:45]} 34. g4 {[%clk 0:17:19]} f6 {[%clk 0:21:13]} 35. Rb3
{[%clk 0:15:26]} Be4 {[%clk 0:15:58]} 36. Kd2 {[%clk 0:14:05]} Rd6+
{[%clk 0:15:41]} 37. Ke3 {[%clk 0:12:41]} Bc6 {[%clk 0:16:03]} 38. f3
{[%clk 0:10:44]} Rd4 {[%clk 0:15:14]} 39. Rc3+ {[%clk 0:10:35]} Kb6
{[%clk 0:14:19]} 40. Rc1 {[%clk 0:34:01]} Bb7 {[%clk 0:43:13]} 41. Rg1
{[%clk 0:30:12]} Bc6 {[%clk 0:32:16]} 42. Rg3 {[%clk 0:27:43]} b4
{[%clk 0:31:55]} 43. Rg1 {[%clk 0:27:27]} bxa3 {[%clk 0:31:46]} 44. bxa3
{[%clk 0:27:55]} Rf4 {[%clk 0:26:07]} 45. Rb1+ {[%clk 0:27:41]} Kc7
{[%clk 0:24:50]} 46. Bd1 {[%clk 0:18:57]} e4 {[%clk 0:22:48]} 47. fxe4
{[%clk 0:14:14]} Rxe4+ {[%clk 0:23:09]} 48. Kd3 {[%clk 0:14:13]} Rf4
{[%clk 0:22:06]} 49. Rb4 {[%clk 0:09:45]} Rxb4 {[%clk 0:19:45]} 50. axb4
{[%clk 0:10:14]} Kb6 {[%clk 0:20:04]} 51. Kc4 {[%clk 0:09:26]} Be4
{[%clk 0:19:44]} 52. Kd4 {[%clk 0:07:48]} Bb1 {[%clk 0:19:47]} 53. Kd5
{[%clk 0:07:36]} f5 {[%clk 0:19:53]} 54. Ke6 {[%clk 0:07:46]} fxg4
{[%clk 0:17:50]} 55. Bxg4 {[%clk 0:08:05]} Kb5 {[%clk 0:17:16]} 56. Kf7
{[%clk 0:08:22]} Kxb4 {[%clk 0:16:07]} 57. Kxg7 {[%clk 0:08:21]} Kc5
{[%clk 0:16:26]} 58. h6 {[%clk 0:08:46]} Kd6 {[%clk 0:13:21]} 59. Bh5
{[%clk 0:08:50]} 1-0

[Event "European Youth Chess Championship B14"]
[Site "Prague, Top Hotel Prague"]
[Date "2012.08.21"]
[Round "5.9"]
[White "Christiansen, Johan-Sebastian"]
[Black "Kozionov, Kirill"]
[Result "0-1"]
[WhiteElo "2073"]
[BlackElo "2257"]
[PlyCount "0"]
[EventDate "2012.08.17"]

1. c4 {[%clk 1:31:25]} e5 {[%clk 1:30:09]} 2. Nc3 Nf6 {[%clk 1:30:16]} 3. Nf3
{[%clk 1:31:48]} Nc6 {[%clk 1:30:37]} 4. g3 d5 {[%clk 1:30:04]} 5. cxd5
{[%clk 1:32:38]} Nxd5 {[%clk 1:30:30]} 6. Bg2 {[%clk 1:33:03]} Nb6 7. O-O
{[%clk 1:32:53]} Be7 {[%clk 1:31:03]} 8. a3 {[%clk 1:33:16]} g5 {[%clk 1:24:34]}
9. d4 {[%clk 1:33:41]} exd4 {[%clk 1:17:57]} 10. Nb5 {[%clk 1:17:10]} O-O
{[%clk 1:18:11]} 11. Nbxd4 {[%clk 1:11:29]} Nxd4 {[%clk 1:17:07]} 12. Nxd4
{[%clk 1:07:07]} Bf6 {[%clk 1:14:34]} 13. Nb5 {[%clk 1:04:32]} Qe7 14. Qc2
{[%clk 1:04:53]} c6 {[%clk 1:13:12]} 15. Nc3 {[%clk 0:55:26]} Bg7
{[%clk 0:36:21]} 16. a4 {[%clk 0:49:58]} Be6 {[%clk 0:35:46]} 17. a5
{[%clk 0:37:03]} Nc4 {[%clk 0:26:39]} 18. Ra4 {[%clk 0:08:52]} f5
{[%clk 0:22:18]} 19. Nd1 {[%clk 0:08:32]} Ne5 {[%clk 0:19:32]} 20. Be3
{[%clk 0:08:02]} Qf7 21. Rb4 {[%clk 0:06:38]} h6 {[%clk 0:19:31]} 22. Bd4
{[%clk 0:05:37]} Rad8 {[%clk 0:13:28]} 23. Bc5 Rfe8 {[%clk 0:10:54]} 24. Bxa7
{[%clk 0:05:28]} f4 {[%clk 0:08:10]} 25. f3 {[%clk 0:04:27]} Nc4 26. Qc1 Nxa5
{[%clk 0:07:02]} 27. Bb6 {[%clk 0:04:48]} Nb3 {[%clk 0:07:21]} 28. Rxb3
{[%clk 0:04:52]} Bxb3 {[%clk 0:07:41]} 29. Bxd8 {[%clk 0:05:11]} Rxd8
{[%clk 0:07:51]} 30. Nf2 {[%clk 0:04:32]} Bd4 {[%clk 0:04:36]} 31. Qb1
{[%clk 0:02:35]} c5 32. Bh3 {[%clk 0:02:16]} Bc4 {[%clk 0:03:08]} 33. Qc2 Re8
{[%clk 0:02:56]} 34. Re1 {[%clk 0:02:39]} Bd5 {[%clk 0:02:07]} 35. Rf1
{[%clk 0:00:43]} Kg7 36. Kg2 h5 {[%clk 0:01:10]} 37. Bf5 {[%clk 0:00:44]} Bb3
{[%clk 0:01:06]} 38. Qd3 {[%clk 0:00:33]} Bc4 {[%clk 0:01:13]} 39. Qb1
{[%clk 0:00:33]} Rxe2 {[%clk 0:00:46]} 40. Bd3 {[%clk 0:31:31]} Bxd3
{[%clk 0:30:46]} 41. Qxd3 {[%clk 0:29:58]} Rxb2 42. Qe4 {[%clk 0:30:08]} fxg3
{[%clk 0:24:43]} 43. hxg3 {[%clk 0:26:37]} Kh6 44. Kg1 Rxf2 {[%clk 0:22:04]} 45.
Rxf2 {[%clk 0:26:42]} Qa2 {[%clk 0:21:50]} 46. Kh1 {[%clk 0:25:26]} Bxf2 47. Kg2
Bd4+ {[%clk 0:21:16]} 48. Kh3 {[%clk 0:25:47]} Qf7 {[%clk 0:21:18]} 49. f4 g4+
{[%clk 0:21:33]} 50. Kh2 {[%clk 0:25:45]} Qa2+ {[%clk 0:21:33]} 0-1